000 00787nam a2200217 a 4500
001 41146
003 BD-RjUL
005 20211209053334.0
008 160516s1983 bg a|||| |||| 00| 0 ben d
035 _a(BD-RjUL)41262
040 _aBD-RjUL
_bben
_cBD-RjUL
_dBD-RjUL
041 _aben
082 _223
_a891.442
_bKAN 1983
245 _aকঞ্জুস /
_cরূপান্তর : তারিক আনাম খান
260 _aঢাকা :
_bআলিয়'স ফ্রঁসেস,
_c১৯৮৩
300 _axv, ৭৯ পৃ. ;
_bচিত্র ;
_c২০ সেমি.
650 _aবাংলা নাটক
_9126561
650 _aBengali Drama
_9126562
700 _aখান তারিক আনাম, রূপান্তর
_9126563
942 _2ddc
_cBK
999 _c41146
_d41146